000 00293nam a2200121Ia 4500
008 240731s9999 xx 000 0 und d
022 _a1543-0421
245 0 _aTheory Into Practice
260 _bRoutledge
856 _uhttps://www.tandfonline.com/loi/htip20
942 _2ddc
942 _cTFEJ
999 _c80136
_d80136
945 _a1
_bMadushi Gamage
_c1
_dMadushi Gamage